The last song

Salvato in:
Dettagli Bibliografici
Autore principale: Wiseman, Eva (Autore)
Natura: Libro
Lingua:inglese
Pubblicazione: Nueva York Tundra Books 2012
Edizione:1a. ed
Serie:Rincón Canadá
Soggetti:
Tags: Aggiungi Tag
Nessun Tag, puoi essere il primo ad aggiungerne!!

MARC

LEADER 00000cam a2200000 a 4500
001 UCE3630
003 CL-VaPUC
008 140911e20120000us |||||||||||||||||eng|d
020 |a 9780887769795 
082 0 4 |a 894.511  |b WIS  |2 21 
100 0 |a Wiseman, Eva  |e author  |9 576095 
245 1 4 |a The last song 
250 |a 1a. ed 
300 |a 225 p 
942 |c BK 
945 |d 20140911 14:25:00  |a arojas 
260 |a Nueva York  |b Tundra Books  |c 2012 
650 7 |a NOVELAS HUNGARAS  |2 CL-VaPUC  |9 318881 
650 0 |a Literatura húngara   |9 350022 
583 |a last modification  |c 20140911 14:25:00  |k Rodrigo Vera 
490 0 |a Rincón Canadá 
999 |c 356826  |d 356824 
952 |0 0  |1 0  |3 erd  |4 0  |6 894_511000000000000_WIS_2012  |7 0  |8 A  |9 464583  |a BIBEDU  |b BIBEDU  |i 5113946  |o 894.511 WIS 2012  |p 5113946  |r 2019-11-23  |w 2019-11-23  |y BK  |z Catalogado en:20140911  |k LIT